MAASAI MARA UNIVERSITY

LIBRARY CATALOGUE

Contact Us: +254 020 2685356/7 or 0774 057787

Box: 861-20500, NAROK, KENYA

Email: info@mmarau.ac.ke

The science game : (Record no. 23369)

MARC details
000 -LEADER
fixed length control field 00946nam a22002657a 4500
003 - CONTROL NUMBER IDENTIFIER
control field OSt
005 - DATE AND TIME OF LATEST TRANSACTION
control field 20170518102851.0
008 - FIXED-LENGTH DATA ELEMENTS--GENERAL INFORMATION
fixed length control field 170222b xxu||||| |||| 00| 0 eng d
010 ## - LIBRARY OF CONGRESS CONTROL NUMBER
LC control number 2007281903
020 ## - INTERNATIONAL STANDARD BOOK NUMBER
International Standard Book Number 9780195423211
040 ## - CATALOGING SOURCE
Original cataloging agency MMU
Transcribing agency MMU
Modifying agency MMU
Language of cataloging eng.
050 00 - LIBRARY OF CONGRESS CALL NUMBER
Classification number BF76.5.A36 2007
082 00 - DEWEY DECIMAL CLASSIFICATION NUMBER
Classification number 300.72
Edition number 22
100 1# - MAIN ENTRY--PERSONAL NAME
Personal name Agnew, Neil McK.
245 14 - TITLE STATEMENT
Title The science game :
Remainder of title an introduction to research in the behavioral and social sciences /
Statement of responsibility, etc. Neil McK. Agnew, Sandra W. Pyke.
250 ## - EDITION STATEMENT
Edition statement 7th ed.
260 ## - PUBLICATION, DISTRIBUTION, ETC. (IMPRINT)
Place of publication, distribution, etc. Don Mills, Ont. ;
-- New York :
Name of publisher, distributor, etc. Oxford,
Date of publication, distribution, etc. 2007.
300 ## - PHYSICAL DESCRIPTION
Extent xxviii, 500 p. :
Other physical details ill. ;
Dimensions 23 cm.
504 ## - BIBLIOGRAPHY, ETC. NOTE
Bibliography, etc Includes bibliographical references (p. 476-491) and index.
650 #0 - SUBJECT ADDED ENTRY--TOPICAL TERM
Topical term or geographic name as entry element Social sciences
General subdivision Research.
700 1# - ADDED ENTRY--PERSONAL NAME
Personal name Pyke, Sandra W.,
Dates associated with a name 1937-
906 ## - LOCAL DATA ELEMENT F, LDF (RLIN)
a 7
b cbc
c origcop
d 2
e ncip
f 20
g y-gencatlg
942 ## - ADDED ENTRY ELEMENTS (KOHA)
Source of classification or shelving scheme Library of Congress Classification
Koha item type L
Holdings
Withdrawn status Lost status Source of classification or shelving scheme Damaged status Not for loan Home library Current library Date acquired Source of acquisition Total Checkouts Full call number Barcode Date last seen Price effective from Koha item type
    Library of Congress Classification     Maasai Mara University Library -Main Campus Maasai Mara University Library -Main Campus 02/22/2017 Donation-T4C   BF76.5.A36 2007 17024888 02/22/2017 02/22/2017 L
© 2016 Maasai Mara University.